| 000 | 00415nam a2200181Ia 4500 | ||
|---|---|---|---|
| 001 | 23903 | ||
| 005 | 20260414151008.0 | ||
| 008 | 260414t1960||||xx |||||||||||||| ||spa|| | ||
| 041 | _aESP | ||
| 082 |
_a720.943 _bE19 |
||
| 100 |
_aEckardt, Wolf von, _eAUT |
||
| 245 | 0 |
_aEric Mendelsohn _b |
|
| 260 | _c1960 | ||
| 300 |
_a128 páginas : _c25 cm. |
||
| 650 | _aABD | ||
| 654 | _aCAU | ||
| 942 |
_cLIB _dJUS _fJUS _2ddc _n |
||
| 999 |
_c23903 _d23903 |
||